[Event "11th LCC GCT Finals 2019"]
[Site "London"]
[Date "2019.12.04"]
[Round "1.6"]
[White "Carlsen, Magnus"]
[Black "Vachier-Lagrave, Maxime"]
[Result "0-1"]
[WhiteElo "2870"]
[BlackElo "2777"]
[Annotator "TA"]
[PlyCount "108"]
[EventDate "2019.12.02"]
[EventType "k.o."]
[EventCountry "ENG"]
[SourceTitle "playchess.com"]
[Source "ChessBase"]
[SourceQuality "1"]

{[%evp 9,108,6,30,2,0,0,17,14,17,18,17,13,39,35,66,57,65,28,16,9,6,5,10,2,32,29,27,0,0,0,0,-4,-5,0,0,0,0,0,56,0,55,55,12,0,0,0,0,-17,0,0,0,0,0,0,0,0,0,-19,-19,-20,-27,-161,-161,-161,-161,-177,-132,-132,-132,-132,-11,-212,-212,-212,-187,-187,-187,-1351,-1245,-918,-847,-29963,-29961,-29971,-1470,-5097,-1083,-1259,-1144,-29976,-29976,-29975,-29977,-29973,-5097,-29978,-29979,-29979,-29980,-29979,-29979]} 1. d4 Nf6 2. Nf3 g6 3. Nbd2 d5 4. b3 (4. e3 Bg7 5. b4 a5 6. b5 c5 7. bxc6 Nxc6 8. Be2 O-O 9. O-O Bf5 10. c3 Qc7 11. a4 e5 12. Ba3 Rfc8 13. Rc1 {½-½ (25) Aronian,L (2765)-Vachier Lagrave,M (2778) Saint Louis 2019}) 4... Bg7 5. Bb2 a5 6. a4 {D02: 1 d4 d5 2 Nf3 sidelines, including 2...Nf6 3 g3 and 2...Nf6 3 Bf4} O-O 7. e3 $146 ({Predecessor:} 7. Ne5 Nfd7 8. Ndf3 c5 9. Nxd7 Bxd7 10. e3 Nc6 11. Bb5 Bg4 12. Be2 Qb6 {0-1 (31) Eis,H (2158)-Krylov,S (2249) Dresden 2007}) 7... Bf5 8. Be2 {The position is equal.} Nc6 9. O-O Nb4 10. Ne1 Ne4 11. c3 Nxd2 12. Qxd2 Nc6 13. Nd3 e5 14. Nxe5 Nxe5 15. dxe5 Bxe5 16. Rfd1 Qd6 17. Ba3 c5 18. Qxd5 Qxd5 19. Rxd5 Bxc3 20. Rad1 Bb4 21. Bxb4 cxb4 22. Bc4 $1 Be6 23. Rb5 Rfd8 (23... Bxc4 $11 24. bxc4 Rfc8) 24. Rd4 (24. Rxd8+ $1 $14 Rxd8 25. h3) 24... Rac8 ({Black should play} 24... Bxc4 $11 25. bxc4 Re8) 25. Rxd8+ $1 $14 Rxd8 26. Kf1 (26. h3 {is interesting.} Bxc4 27. bxc4 b6 28. Rxb6 Rd1+ 29. Kh2) 26... Bxc4+ 27. bxc4 $11 {[%mdl 4096] Endgame KR-KR} Rd2 28. Rxb7 Ra2 29. c5 Rxa4 30. Ke2 Ra3 31. c6 Rc3 32. c7 {Strongly threatening Rb8+.} Kg7 33. Ra7 b3 34. Rxa5 Rxc7 35. Rb5 (35. e4 $1 $11) 35... Rc2+ $19 36. Kf3 b2 37. Rb6 h5 38. h3 {[#]} Kf8 $1 39. g4 h4 (39... Ke7 $17 {White should prevent ...h4.} 40. gxh5 gxh5) 40. g5 $2 (40. Kf4 $1 $11 {and White has nothing to worry.}) 40... Ke7 41. e4 Kd7 {And now ...Kc7 would win.} 42. Ke3 {intending f4.} Kc7 43. Rb5 $2 (43. Rb4) 43... Kc6 44. Rb8 Kc5 45. f4 Kc4 46. f5 Kc3 (46... Rc3+ $142 47. Kf2 Rb3 48. Rc8+ {[#]} Kd4 $1 {[%mdl 512]} 49. Rd8+ Kxe4 50. Re8+ Kxf5 51. Re1 b1=Q 52. Rxb1 Rxb1 53. Ke3 Rb3+ 54. Kd4 Rxh3 55. Kc5 Rg3 56. Kd6 h3 57. Ke7 h2 58. Kf8 h1=Q 59. Kg8 Qa8+ 60. Kh7 Rh3+ 61. Kg7 Qh8+ 62. Kxf7 Rh7#) 47. Kf4 Rg2 (47... Rc1 $142 48. Ke5 b1=Q 49. Rxb1 Rxb1 50. fxg6 fxg6) 48. fxg6 fxg6 49. e5 Re2 50. Rb6 Kc2 51. Rc6+ Kd1 (51... Kd2 $142 52. Rb6 Kc1 53. Kg4 b1=Q 54. Rxb1+ Kxb1 55. Kxh4 Rxe5 56. Kg3 Rxg5+ 57. Kf3 Rh5 58. Kg4 Rf5 59. Kg3 Kc2 60. Kg4 Kd3 61. Kg3 Ke3 62. Kg4 Ra5 63. Kh4 Kf2 64. Kg4 Ke3 65. Kh4 Kf2 66. Kg4 Ke3) 52. Rd6+ Kc1 {Black mates.} 53. Rc6+ Rc2 54. Rb6 Rc4+ {Accuracy: White = 37%, Black = 60%.} 0-1

[Event "11th LCC GCT Finals 2019"]
[Site "London"]
[Date "2019.12.04"]
[Round "1.6"]
[White "Aronian, Levon"]
[Black "Ding, Liren"]
[Result "0-1"]
[WhiteElo "2772"]
[BlackElo "2801"]
[Annotator "TA"]
[PlyCount "52"]
[EventDate "2019.12.02"]
[EventType "k.o."]
[EventCountry "ENG"]
[SourceTitle "playchess.com"]
[Source "ChessBase"]
[SourceQuality "1"]

{[%evp 9,72,-1,0,0,0,-22,-22,-14,-25,-31,-28,-25,-25,-29,-41,-76,-35,-48,-37,-57,-49,-84,-74,-72,-83,-66,-70,-107,-85,-125,-133,-129,-117,-81,-93,-415,-415,-652,-641,-754,-762,-820,-826,-748,-670,-630,-444,-456,-459,-439,-457,-439,-458,-449,-446,-774,-739,-862,-873,-904,-874,-1448,-1317,-29992,-29989]} 1. c4 e5 2. Nc3 Bb4 3. Qc2 Nf6 4. Nf3 Nc6 5. Nd5 Ba5 (5... Bc5 6. e3 d6 7. a3 Bb6 8. Nxf6+ Qxf6 9. Bd3 a5 10. Be4 a4 11. O-O Bd7 12. Rd1 h6 {½-½ (31) Giri,A (2780)-Najer,E (2635) Khanty-Mansiysk 2019}) 6. a3 {b4 is the strong threat. A21: English Opening: 1...e5 2 Nc3} d6 7. e3 Nxd5 8. cxd5 {The position is equal.} Ne7 9. Bc4 O-O 10. b4 Bb6 11. Bb2 $146 ({Predecessor:} 11. O-O Bg4 12. Ng5 Ng6 13. Ne4 Bd7 {0-1 (22) Homa,S (2231)-Chandra,A (2500) Chicago 2018}) 11... Bf5 12. d3 Ng6 13. h4 h6 14. h5 Ne7 15. e4 Bg4 16. a4 {next a5 is good for White.} a5 17. b5 Rc8 18. d4 {[#]} c6 $1 {[%cal Rc6d5] Threatens to win with ...cxd5.} 19. dxc6 bxc6 {Hoping for ...Bxf3.} 20. Qd2 Bxf3 21. gxf3 d5 22. Rg1 $2 {[%mdl 8192]} (22. Bb3 $17 {is a better chance.}) 22... dxc4 $19 23. Qxh6 (23. d5 $142 Qd6 24. dxc6) 23... Ng6 $1 {[%cal Be7g6,Bg6f4,Bf4d3][%mdl 32]} 24. Qd2 Nf4 25. d5 Nd3+ 26. Ke2 f5 {Played: Qd8-h4} 0-1

[Event "11th LCC GCT Finals 2019"]
[Site "London"]
[Date "2019.12.04"]
[Round "1.7"]
[White "Ding, Liren"]
[Black "Aronian, Levon"]
[Result "1-0"]
[WhiteElo "2801"]
[BlackElo "2772"]
[Annotator "TA"]
[PlyCount "72"]
[EventDate "2019.12.02"]
[EventType "k.o."]
[EventCountry "ENG"]
[SourceTitle "playchess.com"]
[Source "ChessBase"]
[SourceQuality "1"]

{[%evp 12,72,22,19,19,0,0,0,0,0,0,-8,0,0,24,31,27,0,0,0,0,0,0,0,0,0,0,-41,-66,-130,-115,-125,0,0,153,141,149,80,72,42,125,96,139,0,0,-19,43,-358,-135,-130,483,459,402,264,209,209,209,199,209,167,448,359,758]} 1. e4 e5 2. Nf3 Nc6 3. Bc4 Bc5 4. O-O Nf6 5. d3 d6 6. c3 O-O 7. Re1 Bb6 {C54: Giuoco Piano: 4 c3 Nf6, main lines with 5 d4 and 5 d3} (7... a6 8. a4 Ba7 9. Nbd2 Ng4 10. Re2 Kh8 11. h3 f5 12. Nf1 fxe4 13. dxe4 Nh6 14. Re1 Qf6 15. Ng3 Bxh3 {0-1 (62) Alekseenko,K (2671)-Ding,L (2811) Khanty-Mansiysk 2019}) 8. Nbd2 Ng4 9. Re2 Kh8 {The position is equal.} 10. h3 f5 $146 ({Predecessor:} 10... Nh6 11. Nf1 f5 12. exf5 Nxf5 13. Rc2 Qf6 14. Qe1 h6 15. N1h2 Nce7 {0-1 (27) Khairullin,A (2004)-Tomov,G (2263) Barcelona 2012}) 11. exf5 Nxf2 12. Rxf2 {Strongly threatening g4.} Bxf2+ 13. Kxf2 {g4 is the strong threat.} Bxf5 {White must now prevent ...d5.} 14. Nf1 d5 15. Bb3 e4 16. dxe4 Bxe4 17. Kg1 Bxf3 $1 18. gxf3 Qh4 {Threatens to win with ...Rae8.} 19. Kg2 (19. f4 $5) 19... Ne5 {[%mdl 1024] Black has compensation.} 20. f4 (20. Bxd5 $2 Rad8 $19) ({Better is} 20. Nh2 $15) 20... Rf6 $17 {( -> ...Rg6+)} 21. Bc2 {[#]} Rh6 (21... g5 $1 $17 {[%cal Rg5f4][%mdl 512]} 22. fxe5 (22. fxg5 Rf2+) 22... Qf2+ 23. Kh1 Qxf1+ 24. Qxf1 Rxf1+ 25. Kg2 Raf8) 22. Bf5 $11 Ng6 $2 (22... Rf8 $1 $11 23. fxe5 Rxf5 24. Bxh6 Qe4+ {[%mdl 64] Double Attack} 25. Kg1 gxh6) 23. Bg4 $1 $16 {Hoping for f5.} Qe7 24. f5 (24. Qxd5 $6 Rf8 $16) (24. Kg1 $142) 24... Nh4+ 25. Kh2 (25. Kg3 $5 {[%cal Rc1h6]} Rb6 26. Bf4 $11) 25... Rb6 (25... Qe4 $14 26. Qe2 Qxe2+ 27. Bxe2 Rf6) 26. Ng3 $1 $36 {[%mdl 2048] White has strong initiative.} Re8 27. Bh5 (27. Qxd5 $6 Qe1 $11) (27. Rb1 $16) 27... Rf8 28. Qg4 g6 (28... Qf6 $11) 29. Bg5 $2 {[%mdl 8192] [#]} (29. Qd4+ $14 {keeps the upper hand.} Qf6 30. Qxf6+ Rfxf6 31. Bd1) 29... Rxb2+ $2 (29... Nf3+ $1 $19 {[%mdl 512] has better winning chances.} 30. Qxf3 Rxb2+ 31. Kh1 Qxg5 {[%mdl 64] Double Attack}) 30. Kh1 $17 {[#]} gxh5 $2 {[%mdl 8192]} (30... Nf3 $1 $17 {[%csl Gf3][%cal Rb2h2][%mdl 512] stays on course.} 31. Qd4+ (31. Qxf3 Qxg5) 31... Nxd4 32. Bxe7 Nxf5 33. Nxf5 Rxf5) 31. Qxh4 $18 ({Stronger than} 31. Bxe7 hxg4 32. Bxh4 (32. Bxf8 {leads to mate.} Nf3 33. Bg7+ {[%mdl 64] Decoy} Kxg7 34. f6+ Kxf6 35. Nf1 g3 36. Nd2 Rxd2 37. Rf1 Rh2#) 32... gxh3 $15) 31... Qe5 32. Rf1 {aiming for Be7.} d4 ({Reject} 32... Rxa2 $6 33. Be7 $18) 33. Qxd4 Qxd4 34. cxd4 Rxa2 35. Nxh5 Kg8 $2 (35... Rf7 {might work better.} 36. Bh6 Re2) 36. Bh6 Ra5 $2 {Accuracy: White = 42%, Black = 41%.} (36... Ra3) 1-0

[Event "11th LCC GCT Finals 2019"]
[Site "London"]
[Date "2019.12.04"]
[Round "1.7"]
[White "Vachier-Lagrave, Maxime"]
[Black "Carlsen, Magnus"]
[Result "0-1"]
[WhiteElo "2777"]
[BlackElo "2870"]
[Annotator "TA"]
[PlyCount "90"]
[EventDate "2019.12.02"]
[EventType "k.o."]
[EventCountry "ENG"]
[SourceTitle "playchess.com"]
[Source "ChessBase"]
[SourceQuality "1"]

{[%evp 11,90,32,32,26,34,34,33,27,37,44,47,34,38,31,27,34,43,49,58,18,44,-32,-19,-22,0,0,0,-51,-27,-75,-77,-62,-59,-57,-68,-179,-129,-131,-83,-115,-110,-118,-106,-148,-148,-150,-155,-156,-152,-151,-152,-176,-186,-183,-179,-216,-205,-219,-202,-227,-191,-277,-273,-273,-273,-373,-368,-374,-371,-343,-358,-366,-368,-402,-391,-411,-421,-496,-481,-939,-934]} 1. e4 c5 2. Nf3 d6 3. d4 cxd4 4. Nxd4 Nf6 5. Nc3 Bd7 6. Bg5 e6 7. Ndb5 {B56: Classical Sicilian: Unusual Lines} Bxb5 8. Bxb5+ Nc6 9. Qf3 {[#] Strongly threatening e5!White is slightly better.} Be7 10. e5 dxe5 (10... Nd5 11. Bxc6+ bxc6 12. Bxe7 Qxe7 13. Qg3 dxe5 14. Qxg7 Qf6 15. Qxf6 Nxf6 16. O-O-O Rg8 17. g3 Rd8 18. Rhe1 Rg5 19. Rxd8+ Kxd8 {½-½ (58) Vitiugov,N (2732)-Yu,Y (2763) Khanty-Mansiysk 2019}) 11. Bxc6+ bxc6 12. Qxc6+ Kf8 $1 13. O-O Qc8 14. Qf3 Rb8 $146 ({Predecessor:} 14... h6) 15. Rab1 h6 16. Bxf6 (16. Bh4 $14) 16... gxf6 $15 17. Rfd1 f5 18. Qe3 Qc7 19. Na4 ({White should try} 19. Rd7 $11 Qxd7 20. Qxe5 {[%mdl 64] Double Attack}) 19... Kg7 20. b3 Qxc2 21. Qxe5+ Bf6 22. Qg3+ Kh7 23. Qd3 (23. Rbc1 $15 Qxa2 24. Rd7) 23... Rhc8 24. Qd2 Rc7 25. g3 Rbc8 26. a3 Kg6 27. Qxc2 Rxc2 28. b4 R8c4 29. Nc5 Bd4 30. Nd3 Ra2 31. Rbc1 Rxc1 32. Rxc1 Rxa3 $19 {[%mdl 4096] Endgame KRB-KRN} 33. Nf4+ Kf6 34. Kf1 Ra2 35. Ne2 Bb6 36. f4 (36. Rc4 {was necessary.}) 36... Rb2 37. Rc4 Ke7 38. h4 Kd6 39. Nc3 Rf2+ 40. Ke1 Rf3 41. Ne2 Kd5 42. Rc8 Rb3 43. Kd2 Ke4 44. Nc3+ Kf3 45. Rh8 (45. Kc2 $142 Rxb4 46. Na2) 45... Bd4 {Accuracy: White = 50%, Black = 85%.} 0-1

[Event "11th LCC GCT Finals 2019"]
[Site "London"]
[Date "2019.12.04"]
[Round "1.8"]
[White "Carlsen, Magnus"]
[Black "Vachier-Lagrave, Maxime"]
[Result "1/2-1/2"]
[WhiteElo "2870"]
[BlackElo "2777"]
[Annotator "TA"]
[PlyCount "144"]
[EventDate "2019.12.02"]
[EventType "k.o."]
[EventCountry "ENG"]
[SourceTitle "playchess.com"]
[Source "ChessBase"]
[SourceQuality "1"]

{[%evp 11,144,0,20,0,14,7,0,0,6,0,0,0,0,0,0,0,5,16,18,0,51,-27,-17,-34,-29,-22,-22,-26,-8,-10,0,0,0,0,62,61,54,74,58,75,71,71,90,41,57,32,29,7,7,7,20,20,20,20,20,4,20,5,20,20,20,10,10,10,10,10,20,0,27,10,10,10,10,6,34,20,34,4,4,4,20,20,20,0,20,20,20,0,20,12,19,12,12,12,12,6,12,0,0,0,6,0,0,0,0,-38,-38,-38,0,0,0,-2,0,0,0,0,0,0,0,0,0,0,0,0,0,0,0,0,0,0,0,0,0,0,0]} 1. c4 c5 2. g3 g6 3. Bg2 Bg7 4. Nc3 Nc6 5. Nf3 d6 6. O-O Bf5 7. h3 {A37: Symmetrical English vs ...g6: 4 Bg2 Bg7 5 Nf3} Nf6 8. d3 O-O 9. a3 (9. Be3 a6 10. Qd2 b5 11. cxb5 axb5 12. Nxb5 Qa5 13. Nc3 Rab8 14. Rfc1 Rfc8 {1-0 (43) Carlsen,M (2845)-Vachier Lagrave,M (2773) Karlsruhe/Baden Baden 2019}) 9... a6 10. Rb1 Rb8 11. b4 cxb4 12. axb4 b5 13. cxb5 axb5 14. e4 Be6 $146 ({Predecessor:} 14... Bd7) 15. Bd2 Nd7 (15... h6 $11) 16. Kh2 (16. Ng5 $1 $14) 16... Nde5 $11 17. Nxe5 dxe5 18. Be3 Nd4 19. Nd5 Bxd5 (19... Rc8 {is interesting.} 20. Qd2 Bd7 21. h4 e6 22. Nc3 Qc7) 20. exd5 Qd6 21. Qd2 Rfc8 22. Rfc1 e6 ({Black should play} 22... Rxc1 $11 23. Qxc1 h5) 23. Bxd4 $1 $14 exd4 24. Rc6 Rxc6 25. dxc6 h5 26. h4 Bf6 27. Kg1 Ra8 28. Qc2 Be7 29. Qc5 Qxc5 30. bxc5 $11 {[%mdl 4096] Endgame KRB-KRB} Rb8 31. c7 Rc8 32. Rxb5 {[#] Strongly threatening Rb8!} Rxc7 33. c6 Kg7 34. Ra5 Bd6 35. Ra8 Kf6 36. Be4 Ke7 37. Kg2 Bc5 38. Kh3 Kd6 39. Kg2 Ra7 40. Rd8+ Ke7 41. Rb8 Rc7 42. Kf1 Kd6 43. Ke2 Ba7 44. Rd8+ Ke7 45. Ra8 Bc5 46. Kd1 Bb4 47. Ke2 Bc3 48. Kf1 Bb4 49. Kg2 Bc3 50. Ra4 Kd6 51. Kh3 Ke7 52. Bg2 Be1 53. Ra2 Bb4 54. g4 hxg4+ 55. Kxg4 Bd6 56. Rb2 Kf6 57. Rb7 Kg7 58. Rb5 f5+ 59. Kh3 $1 g5 60. hxg5 {The position is equal.} Kg6 {[%cal Rc7h7] [#]} 61. Rb7 Kxg5 62. Rxc7 Bxc7 {KB-KB} 63. Bf3 Bd6 64. Bd1 Kf4 65. Kg2 e5 66. Kf1 e4 67. Ke2 Bc7 68. Bb3 Bd6 69. Be6 Bc7 70. Bd7 Bd6 71. Be6 Bc7 72. Bd7 Bd6 {Accuracy: White = 51%, Black = 58%.} 1/2-1/2

[Event "11th LCC GCT Finals 2019"]
[Site "London"]
[Date "2019.12.04"]
[Round "1.8"]
[White "Aronian, Levon"]
[Black "Ding, Liren"]
[Result "1-0"]
[WhiteElo "2772"]
[BlackElo "2801"]
[Annotator "TA"]
[PlyCount "64"]
[EventDate "2019.12.02"]
[EventType "k.o."]
[EventCountry "ENG"]
[SourceTitle "playchess.com"]
[Source "ChessBase"]
[SourceQuality "1"]

{[%evp 18,64,-11,0,-15,-7,0,-25,24,0,0,0,0,0,31,37,39,26,30,24,37,0,43,0,20,0,92,75,80,85,85,68,166,159,168,166,448,462,400,347,355,338,350,340,482,482,534,514,29995]} 1. e4 e5 2. Nf3 Nc6 3. Bc4 Bc5 4. c3 Nf6 5. d4 exd4 6. e5 d5 7. Be2 Ne4 8. cxd4 Bb4+ 9. Bd2 Nxd2 10. Nbxd2 O-O {C54: Giuoco Piano: 4 c3 Nf6, main lines with 5 d4 and 5 d3} 11. O-O f6 12. Nb3 fxe5 {Black has an edge.} (12... Re8 13. Bb5 Bg4 14. Bxc6 bxc6 15. Qd3 Bxf3 16. Qxf3 fxe5 17. dxe5 Rxe5 18. Rac1 {0-1 (41) Piorun,K (2660)-Harikrishna,P (2738) Katowice 2019}) 13. Nxe5 $146 ({Predecessor:} 13. dxe5 Re8 14. Bb5 Bg4 15. Nbd4 Nxd4 16. Qxd4 Bxf3 17. Bxe8 Qg5 18. g3 {0-1 (39) Vucinic,G (2398)-Storme,I (2276) Porto Carras 2018}) 13... Nxe5 14. dxe5 c6 15. f4 Bf5 16. Bd3 Ba5 17. Bxf5 Bb6+ 18. Kh1 Rxf5 19. g4 Rf8 20. f5 Qg5 21. Qf3 (21. Nd4 $5 {[%cal Rd4e6]}) 21... Rae8 (21... h5 $11) 22. Rae1 $16 h5 23. gxh5 Bc7 {[#]} 24. Nc5 $1 {[%cal Rc5d7] And now Nd7 would win.} Rxe5 (24... Bxe5 $14 25. Nd7 {[%mdl 64] [#] Double Attack} Bxh2 $1 {[%mdl 512]} 26. Nxf8 Bg3 27. Qxg3 Qxg3 28. Rxe8 Qh4+ 29. Kg2 Qg5+ 30. Kf2 Qh4+ 31. Ke3 Qg3+ 32. Kd4 c5+ 33. Kxd5 Qd3+ 34. Kxc5 Qc2+ 35. Kd6 (35. Kb4 $2 Qxb2+ {[%mdl 64] Double Attack} 36. Kc4 Qc2+ 37. Kb4 a5+ {[%mdl 64] Decoy} 38. Kxa5 Qc5+ 39. Ka4 Qc6+ 40. Kb4 Qxe8 $19 {[%mdl 64] Double Attack}) 35... Kf7) 25. Rxe5 $18 Bxe5 26. Nd7 Re8 $2 (26... Bxb2 {was necessary.} 27. Nxf8 Kxf8) 27. Re1 Qd2 {[%csl Ge5][%cal Rd2h2]} 28. Qe2 Qf4 29. Nxe5 {aiming for f6!} Qxf5 30. h6 gxh6 (30... Qe4+ {keeps fighting.} 31. Qxe4 dxe4) 31. Qg2+ Kh7 32. Rg1 {[%csl Gg1][%cal Rg2g7]} Qe4 {Accuracy: White = 67%, Black = 44%.} (32... Qf6 $18 33. Qg3 Kh8) 1-0

[Event "11th LCC GCT Finals 2019"]
[Site "London"]
[Date "2019.12.04"]
[Round "1.9"]
[White "Carlsen, Magnus"]
[Black "Vachier-Lagrave, Maxime"]
[Result "0-1"]
[WhiteElo "2870"]
[BlackElo "2777"]
[Annotator "TA"]
[PlyCount "165"]
[EventDate "2019.12.02"]
[EventType "k.o."]
[EventCountry "ENG"]
[SourceTitle "playchess.com"]
[Source "ChessBase"]
[SourceQuality "1"]

{[%evp 12,165,25,0,0,0,0,7,0,0,0,0,18,0,6,0,0,0,0,0,0,0,0,-1,128,29,52,39,42,52,63,43,43,50,60,64,95,0,17,-118,237,133,230,222,556,533,853,530,539,527,510,164,380,373,313,200,196,145,283,-22,-18,-27,0,-561,-547,-432,-28,-27,-24,-31,-8,-41,0,0,36,0,0,-8,-11,-205,-203,-176,-182,-185,-186,-202,-193,-364,-363,-620,-451,-441,-413,-453,-435,-930,-618,-2104,-1687,-2144,-1891,-1460,-1471,-982,-1593,-1380,-682,-1394,-1450,-483,-8,-1716,-1690,-29958,-29947,-29971,-29972,-29974,-29975,-29976,-29973,-29975,-29976,-29976,-29977,-29977,-29976,-29976,-29968,-29975,-29976,-29976,-29977,-29976,-29977,-29979,-29976,-29977,-29978,-29978,-29974,-29983,-29984,-29984,-29983,-29983,-29984,-29984,-29985,-29986,-29986,-29986,-29987,-29988,-29989,-29990]} 1. e4 c5 2. Nf3 d6 3. d4 cxd4 4. Nxd4 Nf6 5. Nc3 a6 6. Bg5 e6 7. f3 h6 {B95: Sicilian Najdorf: 6 Bg5 e6, unusual White 7th moves} 8. Be3 b5 9. a3 Nbd7 {The position is equal.} 10. Qd2 Bb7 11. O-O-O h5 12. Kb1 Be7 (12... Rc8 13. h3 h4 14. Bd3 Ne5 15. Rhe1 Be7 16. Bg5 Nc4 17. Bxc4 Rxc4 {0-1 (38) Mekhitarian,K (2559)-Topalov,V (2760) Caxias do Sul 2016}) 13. Rg1 Rc8 14. Be2 Nb6 15. Qe1 $36 {[%mdl 2048] White has some pressure.} Nfd7 16. g4 hxg4 17. Rxg4 {[#]} Bf8 $146 (17... Rh7 $11) ({Predecessor:} 17... Kf8) 18. Rg2 (18. Bg5 $16 Qc7 19. Rh4) 18... Ne5 19. f4 Nec4 20. Bc1 Qc7 21. Bxc4 Nxc4 22. Rd3 g6 23. b3 Bg7 24. Qd1 (24. Nxe6 $1 $16 fxe6 25. bxc4 Qxc4 26. Bb2) 24... Qa5 25. f5 (25. Nxe6 $11 {keeps the balance.} Bxc3 26. bxc4 Bxe4 27. Re2 bxc4 28. Rxd6) 25... Ne5 $2 {[%mdl 8192]} ({Of course not} 25... Nxa3+ $6 26. Bxa3 Qxa3 27. fxe6 $11) (25... exf5 $1 $17 26. Re2 f4 27. bxc4 bxc4) 26. b4 (26. fxg6 $18 Ke7 27. gxf7 $1 {[%mdl 512]}) 26... Qb6 (26... Qc7 $16 27. Ncxb5 axb5 28. Nxb5 {[%mdl 64] Double Attack} Qd7 29. Nxd6+ {[%mdl 64] Double Attack} Ke7) 27. fxg6 $18 Nxg6 $2 (27... Nxd3 {is more resistant.} 28. gxf7+ Kxf7 29. Rxg7+ Kxg7 30. Qg4+ Kf8) 28. Be3 Bh6 {With the idea ...Bxe3.} 29. Ndxb5 Bxe3 30. Nxd6+ {[%mdl 64] Double Attack} Ke7 {[#]} 31. Nxb7 $2 (31. Nxf7 $1 {[%mdl 512]} Kxf7 32. Rd6) 31... Ne5 $2 {[#]} (31... Qxb7 32. Rxe3 Qb8) 32. Rxe3 $1 Nc4 (32... Qxe3 33. Qd6+) 33. Rd3 Qxb7 34. Na4 (34. Qc1 $18) 34... Rhd8 (34... a5 $16) 35. Nc5 $2 (35. Rxd8 $18 {Threatens to win with Rgg8.} Rxd8 36. Qe1) 35... Rxd3 $11 36. Nxd3 {aiming for Qg4.} Nxa3+ 37. Kc1 $2 {[%mdl 8192]} (37. Ka2 $1 $11 {and White stays safe.} Nb5 38. Qg4 Nc3+ 39. Kb2) 37... Qxe4 $19 38. Rf2 {[#]} Qe3+ $2 ({Better is} 38... Qd4 $1 $19 39. h3 f5) 39. Kb2 $11 Nc4+ 40. Ka2 $1 Nd6 41. Qh5 Nf5 42. Re2 Qg1 43. Qf3 {Black must now prevent Qb7+.} (43. Ne5 $5 {[%cal Rh5f7]} Nd6 44. Qh4+ Ke8 45. Qh3 $14) 43... Qb6 44. Ne5 Qb5 {...Nd4! is the strong threat.} 45. c4 $2 {[#]} (45. Qe4 $1 $11 {and White is okay.}) 45... Qa4+ $1 $19 ({Worse is} 45... Qxb4 46. Nc6+ Rxc6 47. Qxc6 $11) 46. Qa3 Qxa3+ 47. Kxa3 {[%mdl 4096] Endgame KRN-KRN} f6 48. Nd3 Rxc4 49. Nc5 $2 (49. Kb3 {was called for.} Rh4 50. Rb2) 49... Nd4 50. Re4 $2 {[#]} (50. Rg2 a5 51. Na6) 50... a5 $1 {[%mdl 512] And now ...f5 would win.} 51. Ka2 (51. bxa5 Nb5+) 51... Rxb4 52. Nd3 Nb5 53. Rxb4 (53. Re3 $142 Rh4 54. h3) 53... axb4 54. Nxb4 {KN-KN} f5 55. Kb2 Kf6 56. Kc2 Nd4+ 57. Kd3 Nf3 58. h3 e5 59. Ke3 Nh4 60. Nd5+ Kg5 $2 (60... Kf7 $19 {Strongly threatening ...Ng6.} 61. Nb6 Ke6) 61. Ne7 $2 {[%mdl 8192]} (61. Nb6 $11) 61... Ng6 62. Nc8 Nf4 {Black mates.} 63. h4+ Kxh4 64. Ne7 Kg5 65. Kf3 Ng6 66. Nd5 e4+ 67. Ke3 Ne5 68. Kd4 Ng4 69. Nc7 Nh2 70. Ke3 Nf1+ 71. Kf2 Nd2 72. Ke3 Nc4+ 73. Kd4 Nd6 74. Ne6+ Kg4 75. Ke3 Kg3 76. Nd4 f4+ 77. Ke2 Kg2 78. Ne6 f3+ 79. Ke3 Kg3 80. Nf4 Nc4+ 81. Kxe4 f2 82. Ne2+ Kg4 83. Kd4 {Accuracy: White = 32%, Black = 45%.} 0-1

[Event "11th LCC GCT Finals 2019"]
[Site "London"]
[Date "2019.12.04"]
[Round "1.10"]
[White "Vachier-Lagrave, Maxime"]
[Black "Carlsen, Magnus"]
[Result "1/2-1/2"]
[WhiteElo "2777"]
[BlackElo "2870"]
[Annotator "TA"]
[PlyCount "87"]
[EventDate "2019.12.02"]
[EventType "k.o."]
[EventCountry "ENG"]
[SourceTitle "playchess.com"]
[Source "ChessBase"]
[SourceQuality "1"]

{[%evp 10,87,0,3,16,17,7,19,43,0,0,0,12,-3,15,6,20,23,16,29,39,18,26,22,3,0,17,28,62,58,57,70,55,63,99,83,83,86,243,242,303,68,285,278,230,80,91,85,108,21,21,33,34,0,0,0,0,0,0,0,0,0,0,0,0,0,0,0,0,0,0,0,0,0,0,0,0,0,0,0]} 1. e4 c5 2. Nf3 d6 3. Bb5+ Nd7 4. d4 cxd4 5. Qxd4 a6 6. Bxd7+ Qxd7 {B51: Sicilian: Moscow Variation (3 Bb5+) without 3...Bd7} (6... Bxd7 7. Bg5 h6 8. Bh4 Qa5+ 9. Nc3 e5 10. Qd3 g5 11. Bg3 Nf6 12. h4 g4 13. Nd2 Rc8 14. h5 Be6 {0-1 (23) Duda,J (2729)-Vachier Lagrave,M (2775) Paris 2019}) 7. Nc3 e5 8. Qd3 Qc6 9. O-O (9. Bg5 $5 {[%cal Rf3e5]}) 9... Be6 10. Rd1 Rc8 11. a4 $146 ({Predecessor:} 11. Bg5 h6 12. Bh4 g5 13. Bg3 Be7 14. Rac1 {½-½ (43) Takacs,L (2245)-Brunello,S (2548) Porto Carras 2018}) 11... h6 12. Nd2 Nf6 13. Nf1 Be7 14. Ne3 O-O 15. Ncd5 Bxd5 16. exd5 Qd7 17. Nf5 {[#] And now Bxh6! would win.} Kh8 18. c4 e4 19. Qh3 $36 {[%mdl 2048] Bxh6! is the strong threat. White has the initiative.} Nh7 $1 20. b3 Bf6 21. Ra2 b5 22. axb5 axb5 23. cxb5 Ng5 $2 (23... Rc3 $16 24. Qg4 h5 25. Qxe4 (25. Qxh5 $2 g6 $19 {[%mdl 64] Double Attack}) 25... g6) 24. Qg4 $18 Qxb5 {[#]} 25. Bxg5 $2 ({Less strong is} 25. Nxd6 Qxb3 26. Ra3 (26. Nxc8 Nf3+ 27. gxf3 Qxd1+ {[%mdl 64] Double Attack} 28. Kg2 exf3+ 29. Qxf3 Qxc1 $11) 26... Qc2 $16) (25. h4 $1 $18 {[%cal Rh4g5]} Nf3+ 26. gxf3 Qxb3 27. Rad2) 25... hxg5 $2 (25... Bxg5 $14 26. h4 (26. Nxd6 Qxb3 27. Raa1 Rcd8 $11) 26... Qxb3) 26. Nxd6 {[%mdl 64] Double Attack} Qxb3 27. Nxc8 (27. Ra7 $18 {is the precise move to win.} Rb8 28. Nxf7+ Kg8 29. Qh5) 27... Qxa2 $16 28. Nd6 e3 29. Qh3+ ({Better is} 29. fxe3 $16 Kg8 30. Qf3) 29... Kg8 $11 30. Qxe3 Rd8 {aiming for ...Qa4.} 31. Ne4 {Strongly threatening Qd3.} Rxd5 {The position is equal.} 32. Nxf6+ gxf6 {[%mdl 4096] Endgame KQR-KQR} 33. Rf1 Kg7 34. h3 Qc4 35. Qf3 Qd3 36. Qxd3 Rxd3 {KR-KR} 37. Re1 Rd6 38. Rf1 Rd7 39. Re1 Rd8 40. g4 Rd7 41. Kg2 Rd8 42. Kg1 Rd7 43. Kg2 Rd8 44. Kg1 {Accuracy: White = 60%, Black = 51%.} 1/2-1/2